| 000 | 00721cab a2200205 4500 | ||
|---|---|---|---|
| 001 | WB2323-04 | ||
| 008 | 090401t1987 xxu||||| |||| 00| 0 eng d | ||
| 035 | _a(Sirsi) u12822 | ||
| 041 | _aeng | ||
| 245 | _aInfrastructure needs 93bn | ||
| 260 | _c1987 | ||
| 350 | _a0 | ||
| 490 |
_aIndependent _v8/6/87 p2 |
||
| 520 | _aBriefly reviews a report by an all-party pressure group, Charter for Jobs , which states that Britain`s decayed infrastructure needs an urgent 93bn facelift. It also states that a million jobs could be created. | ||
| 650 | _aCAPITAL SPENDING PROGRAMME | ||
| 650 | _aBUILT ENVIRONMENT-BUILDING MAINTENANCE AND REFURBISHMENT | ||
| 690 | _aBUILT ENVIRONMENT | ||
| 942 | _n0 | ||
| 948 | _c04/03/1997 | ||
| 999 |
_c8221 _d8221 |
||